书目信息 |
| 题名: |
父母要懂的儿童心理学
|
|
| 作者: | 姜韦羽, 编著 | |
| 分册: | ||
| 出版信息: | 北京 中国纺织出版社 2017 |
|
| 页数: | 246页 | |
| 开本: | 24cm | |
| 丛书名: | ||
| 单 册: | ||
| 中图分类: | B844.1 , G78 | |
| 科图分类: | ||
| 主题词: | 儿童心理学--er tong xin li xue , 儿童教育--er tong jiao yu--家庭教育 | |
| 电子资源: | ||
| ISBN: | 978-7-5180-3771-1 | |
| 000 | 01269nam0 2200289 450 | |
| 001 | 012017000161 | |
| 005 | 20180111091236.88 | |
| 010 | @a978-7-5180-3771-1@b@dCNY36.80 | |
| 100 | @a20170912d2017 em y0chiy0121 ea | |
| 101 | 0 | @achi |
| 102 | @aCN@b110000 | |
| 105 | @ay a 000yy | |
| 106 | @ar | |
| 200 | 1 | @a父母要懂的儿童心理学@Afu mu yao dong de er tong xin li xue@f姜韦羽编著@g |
| 210 | @a北京@c中国纺织出版社@d2017 | |
| 215 | @a246页@c@d24cm | |
| 314 | @a姜韦羽, 女, 出生于1984年10月, 祖籍山东烟台, 现居于上海徐汇。 | |
| 320 | @a有书目 (第246页) | |
| 330 | @a你是不是觉得你的孩子非常捣蛋, 总是惹你发火, 让你不放心? 而别人的孩子却懂事又优秀。你苦苦烦恼, 就是找不到解决的办法。为什么这场“教育战争”中失败的是你呢? 那是因为, 你从来没有安静的走进过孩子的心里。《父母要懂的儿童心理学》就是针对于此, 它会给你一把走进孩子内心世界的钥匙, 指引你切身体会孩子内心的感受。通过一系列实用有效的方法, 帮助你和孩子建立起一个能够快乐交流的平台, 让孩子在您的引导下身心健康发展。 | |
| 606 | 0 | @a儿童心理学@Aer tong xin li xue |
| 606 | 0 | @a儿童教育@Aer tong jiao yu@x家庭教育 |
| 690 | @aB844.1@v5 | |
| 690 | @aG78@v5 | |
| 701 | 0 | @a姜韦羽,@Ajiang wei yu@f1984-@4编著 |
| 801 | 0 | @aCN@b湖北三新@c20171107@g |
| 905 | @aBZT@dB844.1@e17 | |
| 906 | @dCNY36.80@n5@r1 | |
| 父母要懂的儿童心理学/姜韦羽编著.-北京:中国纺织出版社,2017 |
| 246页;24cm |
| ISBN 978-7-5180-3771-1:CNY36.80 |
| 你是不是觉得你的孩子非常捣蛋, 总是惹你发火, 让你不放心? 而别人的孩子却懂事又优秀。你苦苦烦恼, 就是找不到解决的办法。为什么这场“教育战争”中失败的是你呢? 那是因为, 你从来没有安静的走进过孩子的心里。《父母要懂的儿童心理学》就是针对于此, 它会给你一把走进孩子内心世界的钥匙, 指引你切身体会孩子内心的感受。通过一系列实用有效的方法, 帮助你和孩子建立起一个能够快乐交流的平台, 让孩子在您的引导下身心健康发展。 |
| ● |
| 相关链接 |
|
|
|
正题名:父母要懂的儿童心理学
索取号:B844.1/17
 
预约/预借
| 序号 | 登录号 | 条形码 | 馆藏地/架位号 | 状态 | 备注 |
| 1 | 846702 | 2000846702 | 第二书库/ [索取号:B844.1/17] | 在馆 | |
| 2 | 846703 | 2000846703 | 第二书库/ [索取号:B844.1/17] | 在馆 | |
| 3 | 846704 | 2000846704 | 第二书库/ [索取号:B844.1/17] | 在馆 |